| LEADER |
00723nam0a2200193 450 |
| 001 |
16821908 |
| 010 |
|
|
|a 978-2-08-130534-2
|b rel.
|d 10,5
|
| 100 |
|
|
|a 20140214d2026 u u0frey01 ba
|
| 101 |
0 |
|
|a fre
|
| 102 |
|
|
|a FR
|
| 200 |
0 |
|
|a bonhomme et l'oiseau (Le)
|f texte d'Alice Brière-Haquet
|g illustrations de Clotilde Perrin
|
| 207 |
|
1 |
|a
|
| 210 |
|
|
|a Paris
|c Père Castor- Flammarion
|d impr. 2013
|
| 215 |
|
|
|a 1 vol. (non paginé [19] p.)
|c ill. en coul., couv. ill. en coul.
|d 25 cm
|
| 700 |
|
0 |
|a Brière-Haquet
|b Alice
|f 1979-....
|4 70
|
| 702 |
|
0 |
|a Perrin
|b Clotilde
|f 1977-....
|4 440
|
| 900 |
|
|
|a Album
|
| 901 |
|
|
|a Accessible au prêt
|
| 995 |
|
|
|a Bibliothèque
|c Bibliothèque
|f 024015949
|h 024015949
|k A BRI
|o p
|q j
|r az
|e Bibliothèque
|